Szczegóły MARC21

Polityka transportowa /

003 -Nazwa inst., której nr kontr. jest w polu 001 [,]
    • @
    • Nazwa instytucji, której n kontrolny jest w polu 001
    • NUKAT
005 -DATA I CZAS OSTATNIEJ MODYFIKACJI [,]
    • @
    • pole kontrolne
    • 20241231085318.0
040 -Instytucja sporządzająca opis [ , ]
    • a
    • Instytucja, która sporządziła opis (NP)
    • NUKAT
    • c
    • Instytucja, która sporządziła rekord (NP)
    • LUBL U/JL
    • d
    • Instytucja, która zmodyfikowała rekord (P)
    • LUBL U/JL
    • d
    • Instytucja, która zmodyfikowała rekord (P)
    • Ł U/JSs
942 -Rodzaj dokumentu [ , ]
    • c
    • Rodzaj dokumentu
    • Książka
100 -Hasło główne - nazwa osobowa [1, ]
    • a
    • Nazwa osobowa (NP)
    • Grzywacz, Waldemar
    • d
    • Daty biograficzne (NP)
    • (1932-2020).
    • 9
    • KHW
    • 47027
245 -Strefa tytułu i oznaczenia odpowiedzialności [1,0]
    • a
    • Tytuł
    • Polityka transportowa / Find
    • c
    • Pozostałe elementy strefy tytułu i oznaczenia odpowiedzialności (NP)
    • Waldemar Grzywacz.
260 -Strefa adresu wydawniczego [ , ]
    • a
    • Miejsce wydania (P)
    • Szczecin :
    • b
    • Nazwa wydawcy (P)
    • Wydawnictwa Naukowe Uniwersytetu Szczecińskiego,
    • c
    • Data wydania (P)
    • 1991.
300 -Strefa opisu fizycznego [ , ]
    • a
    • Określenie formy książki i/lub objętość (NP)
    • 370 s. :
    • b
    • Oznaczenie ilustracji (NP)
    • err. ;
    • c
    • Format (NP)
    • 25 cm.
336 -Typ zawartości [ , ]
    • a
    • Termin opisujący typ zawartości
    • Tekst
    • b
    • Kod określający zawartość
    • txt
    • 2
    • Źródło (terminu i kodu)
    • rdacontent
337 -Typ mediów [ , ]
    • a
    • Tryb odtwarzania
    • Bez urządzenia pośredniczącego
    • b
    • Kod typu mediów
    • n
    • 2
    • Źródło (terminu i kodu)
    • rdamedia
338 -Typ/rodzaj nośnika [ , ]
    • a
    • Hasło opisujące typ nośnika
    • Wolumin
    • b
    • Kod typu nośnika
    • nc
    • 2
    • Źródło (terminu i kodu)
    • rdacarrier
504 -Uwaga dot. bibliogr. załącznikowej [ , ]
    • a
    • Uwaga dot. bibliografii załącznikowej
    • Bibliogr.
521 -Uwaga dot. przeznaczenia czytelniczego [8, ]
    • a
    • Uwaga dot. przeznaczenia czytelniczego
    • Skrypt przeznaczony dla studentów kierunku ekonomika i organizacja transportu.
080 -Uniwersalna Klasyfikacja Dziesiętna [ , ]
    • a
    • Symbol klasyfikacji
    • 338.47(438)(075.8)
080 -Uniwersalna Klasyfikacja Dziesiętna [ , ]
    • a
    • Symbol klasyfikacji
    • +656.1/.7(075.8)
650 -Hasło przedmiotowe [ ,7]
    • a
    • Hasło przedmiotowe
    • Polityka transportowa
    • v
    • Określnik formalny
    • podręczniki akademickie.
    • 2
    • Źródło terminu
    • kaba
    • 9
    • KHW
    • 361022
980 -Symbol UKD [ , ]
    • a
    • UKD
    • 338.47(438)+656.1/.7](075.8)
710 -Hasło dodatkowe - nazwa ciała zbiorowego [2, ]
    • a
    • Nazwa ciała zbiorowego lub nazwa geograficzna jako pierwszy element (NP)
    • Uniwersytet Szczeciński.
    • b
    • Nazwa jednostki podrzędnej (P)
    • Wydawnictwo Naukowe.
    • 4
    • Kod relacji
    • pbl
    • 9
    • KHW
    • 51208
Lokalizacja Data inwentaryzacji Status udost. Numer inwentarzowy Sygnatura
BE1996-09-19-2E.60818 
BE1996-09-192S.73544 
BE1996-09-19-6S.73561 
BE1996-09-192S.73564 
BE1996-09-192S.73565 
BE1996-09-19-6S.73571 
BE1996-09-192S.73591 
BE1996-09-192S.73592 
BE1996-09-19-2E.63773 
BG2004-09-231Z.103443Z.103443
T1997-06-20-3TS.80526 
T1996-09-19-3TS.79011 
T1996-09-19-6TS.79012 
T1996-09-19-6TS.79013 
T1996-09-19-6TS.79014 
T1996-09-19-3TS.79015 
T1996-09-19-3TS.79016 
T1996-09-19-3TS.79017 
T1996-09-19-6TS.79018 
T1996-09-19-6TS.79019 
T1996-09-19-6TS.79020 
T1996-09-19-6TS.79021 
T1996-09-19-6TS.73545 
T1996-09-19-6TS.73546 
T1996-09-19-6TS.73547 
T1996-09-19-6TS.73548 
T1996-09-19-6TS.73549 
T1996-09-19-6TS.73550 
T1996-09-19-6TS.73551 
T1996-09-19-6TS.73552 
T1996-09-19-6TS.73553 
T1996-09-19-6TS.73554 
T1996-09-19-6TS.73555 
T1996-09-19-6TS.73556 
T1996-09-19-6TS.73557 
T1996-09-19-6TS.73558 
T1996-09-19-6TS.73559 
T1996-09-19-6TS.73560 
T1996-09-19-6TS.73566 
T1996-09-19-6TS.73567 
T1996-09-19-6TS.73568 
T1996-09-19-6TS.73569 
T1996-09-19-6TS.73570 
T1996-09-19-6TS.73593 
T1996-09-19-3TS.73596 
T1996-09-19-6TS.73597 
T1996-09-19-6TS.73598 
T1996-09-19-6TS.73599 
T1996-09-19-6TS.73540 
T1996-09-19-6TS.73541 
T1996-09-19-6TS.73542 
T1996-09-19-6TS.73543 
T1996-09-19-6TS.73562 
T1996-09-19-6TS.73563 
T1996-09-19-6TS.73572 
T1996-09-19-6TS.73573 
T1996-09-19-6TS.73574 
T1996-09-19-6TS.73575 
T1996-09-19-6TS.73576 
T1996-09-19-6TS.73577 
T1996-09-19-6TS.73580 
T1996-09-19-6TS.73582 
T1996-09-19-6TS.73583 
T1996-09-19-6TS.73585 
T1996-09-19-6TS.73586 
T1996-09-19-6TS.73587 
T1996-09-19-6TS.73590 
T1996-09-19-3TS.79010 
T1996-09-19-3TS.73578 
T1996-09-19-3TS.73579 
T1996-09-19-3TS.73581 
T1996-09-19-3TS.73584 
T1996-09-19-3TS.73588 
T1996-09-19-3TS.73589 
T1996-09-19-3TS.73594 
T1996-09-19-3TS.73595